| 000 | 00494nam a2200157Ia 4500 | ||
|---|---|---|---|
| 003 | SGT | ||
| 020 | _a9788131700532 | ||
| 082 |
_a6.3 _bFAU |
||
| 100 | _aFausett, Laurene | ||
| 245 | _aFundamentals of neural networks : architectures, algorithms, and applications | ||
| 260 |
_bPearson _aN.Delhi _c2011 |
||
| 300 | _a467p. | ||
| 650 | _aCOMPUTER SCIENCE | ||
| 653 | _aSIMPLE NEURAL NETS FOR PATTERN CLASSIFICATION, PATTERN ASSOCIATION, NEURAL NETWORKS BASED ON COMPETITION | ||
| 942 |
_2ddc _cBK _03 |
||
| 999 |
_c5562 _d5562 |
||